Normal view
MARC view
Entry Uniform Title
001 - CONTROL NUMBER
- control field: 52410
003 - CONTROL NUMBER IDENTIFIER
- control field: dpl
005 - DATE AND TIME OF LATEST TRANSACTION
- control field: 20120917170710.0
008 - FIXED-LENGTH DATA ELEMENTS
- fixed length control field: 120917|||a|||||| | ||| d
040 ## - CATALOGING SOURCE
- Original cataloging agency: dpl
- Transcribing agency: dpl
130 ## - HEADING--UNIFORM TITLE
- Uniform title: His holiness the dalai lama
670 ## - SOURCE DATA FOUND
- Source citation: Work cat.: (dpl)69866: Dalai Lama 52409, Beyond religion:, 2011
670 ## - SOURCE DATA FOUND
- Source citation: Work cat.: (dpl)69866: Dalai Lama 52409, Beyond religion:, 2011
